000 01328nam a2200349 c 4500
999 _c188367
_d188367
003 BLK
005 20250318005547.0
008 180411b bul|||||r ||||||| ||bul||
010 _aKNG00197385000
040 _aBLK
041 _aBUL
_cBUL
080 _aБългарска литература
_b821.163.2
_x-4
_z821.163.2-4
100 _aХайтов, Николай Александров
_d1919-2002
_gПисател. Драматург.
_9431013
139 _aХайтов, Николай Александров
_bХ 21
245 1 0 _aБодливата роза
_bЕсета
_cНиколай Александров Хайтов; предг. от Елка Георгиева Константинова.
250 _a5. изд.
257 _aBGR
260 _bЗемиздат
_c1986
300 _a119 с.
_c20 см
380 _aX
490 _aБиблиотека Екологичен свят
_9205040
500 _a1. изд. 1975. - 25 100 тир.
700 1 _aКонстантинова, Елка Георгиева
_982108
852 _aЦб 144343
856 4 _qpdf
_i0.00
_ldisable
856 4 _qpdf
_i0.00
_ldisable
942 _cKNG
_n0
_01
_s1
944 _aCR
_c05.12.2016
_k
_lCRON CRON
944 _aED
_c05.12.2016
_kГрета_Цуфелде
999 _d188367
999 _d188367